000
00299nam a22001337a 4500
008
180104b xxu||||| |||| 00| 0 eng d
020
_a
0812110986
041
_a
eng
080
_a
541
100
_a
12
101
_a
KIM
245
_a
Principles of Medicinal Chemistry
_c
Foye, W.O
942
_2
udc
_c
BK
999
_c
39733
_d
39733